<?xml version="1.0" encoding="UTF-8"?>
<marc:record xmlns:marc="http://www.loc.gov/MARC21/slim">
   <marc:leader>00000nam a2200000 a 4500</marc:leader>
   <marc:datafield ind1="1" ind2=" " tag="100">
      <marc:subfield code="a">Rath, Hans</marc:subfield>
      <marc:subfield code="4">aut</marc:subfield>
      <marc:subfield code="e">Verfasser/-in</marc:subfield>
   </marc:datafield>
   <marc:datafield ind1=" " ind2=" " tag="653">
      <marc:subfield code="a">Hörbuch</marc:subfield>
   </marc:datafield>
   <marc:datafield ind1=" " ind2=" " tag="653">
      <marc:subfield code="a">Künstliche Intelligenz</marc:subfield>
   </marc:datafield>
   <marc:datafield ind1=" " ind2=" " tag="653">
      <marc:subfield code="a">Moderne Unterhaltung</marc:subfield>
   </marc:datafield>
   <marc:datafield ind1=" " ind2=" " tag="653">
      <marc:subfield code="a">Roboter</marc:subfield>
   </marc:datafield>
   <marc:datafield ind1=" " ind2=" " tag="653">
      <marc:subfield code="a">TDD</marc:subfield>
   </marc:datafield>
   <marc:datafield ind1=" " ind2=" " tag="653">
      <marc:subfield code="a">Zukunft</marc:subfield>
   </marc:datafield>
   <marc:datafield ind1="0" ind2="0" tag="245">
      <marc:subfield code="a">Im nächsten Leben wird alles besser</marc:subfield>
   </marc:datafield>
   <marc:datafield ind1="0" ind2="0" tag="245">
      <marc:subfield code="b">Ungekürzte Lesung.</marc:subfield>
   </marc:datafield>
   <marc:datafield ind1="0" ind2="0" tag="245">
      <marc:subfield code="c">Rath, Hans</marc:subfield>
   </marc:datafield>
   <marc:datafield ind1="1" ind2=" " tag="520">
      <marc:subfield code="a">Die humorvolle Science-Fiction-Komödie von Hans Rath als ungekürztes Hörbuch&#xD;
&#xD;
Arnold Kahl ist mit sich und der Welt unzufrieden. Bis der 53-Jährige über Nacht ins Jahr 2045 katapultiert wird. Ist das ein Alptraum? Oder eine physikalische Anomalie? Arnold weiß nur: Ab sofort ist er ein alter Sack, der die Welt nicht mehr versteht. Künstliche Intelligenz steuert sämtliche Lebensbereiche, humanoide Serviceroboter erledigen die Arbeit. Wer sich die reale Welt nicht mehr leisten kann, der zieht nach Times Beach, einem virtuellen Freizeitpark. Arnolds persönlicher Assistent heißt Gustav. Der charmante Uralt-Roboter hilft bei der Rekonstruktion von Arnolds Lebens, das sich als ein Desaster entpuppt. Arnold hat es gründlich verbockt. Seine Ehe und Familie sind Geschichte, sein Leben ein Jammertal. Er wünschte, er könnte die letzten 25 Jahre zurückdrehen - aber wie?</marc:subfield>
   </marc:datafield>
</marc:record>
